[Event "Stay Safe Play From Home 204"]
[Site "T#646591Emanuel Laske"]
[Date "2020.06.05"]
[Round "7"]
[White "Chase the sun"]
[Black "lazieri3"]
[Result "1-0"]
[WhiteElo "1908"]
[BlackElo "2020"]
[Annotator "TA"]
[PlyCount "115"]
[EventDate "2020.06.05"]
[EventType "swiss (blitz)"]

{[%evp 13,114,30,55,66,72,32,33,10,11,7,0,-39,-31,-41,0,-43,0,0,0,-22,0,-20,14,14,6,-20,-12,-51,41,44,95,95,103,103,166,125,192,125,126,132,132,125,125,125,125,122,115,81,65,60,298,297,202,168,192,224,266,284,436,437,418,404,533,517,993,837,668,262,262,170,432,388,591,584,584,545,2275,2192,1948,1778,29970,29970,29968,29939,29966,29967,29967,29969,29964,29966,29978,29979,29979,29980,29980,29981,29981,29982,29987,29988,29995,29996,29999]} 1. e4 c6 2. d4 d5 3. exd5 cxd5 4. Bd3 Nc6 5. c3 Nf6 6. Bf4 Bg4 7. Qb3 Qb6 8. Qxb6 {B13: Caro-Kann: Exchange Variation and Panov-Botvinnik Attack.} axb6 {[#]} 9. a3 $146 ({Predecessor:} 9. h3 Bh5 10. Na3 e6 11. Nb5 Kd7 12. a4 Ne8 13. Be2 Bg6 14. Nf3 Bc2 15. Bd1 Bxd1 16. Kxd1 {0-1 (31) Wei,Y (2721)-Vachier Lagrave,M (2774) chess.com INT 2019}) 9... e6 10. f3 {White is slightly better.} Bh5 11. g4 Bg6 12. Kd2 Bxd3 13. Kxd3 Kd7 14. h3 Bd6 (14... b5 {with more complications.} 15. Ne2 b4 16. h4 h5 17. g5 Ne8) 15. Bxd6 Kxd6 16. f4 b5 17. Nd2 Na5 (17... b4 {is more complex.} 18. Ngf3 bxc3 19. bxc3 Rhc8 20. Rhb1 Na5) 18. Ngf3 Nc4 19. Nxc4+ bxc4+ 20. Ke3 Ne4 (20... Ra6 $15) 21. Ne5 $14 Rhf8 {[#]} ({Better is} 21... Ke7 $14) 22. Nxc4+ $1 $16 {[%mdl 576] Deflection} dxc4 23. Kxe4 {[%mdl 4096] Endgame KRR-KRR} b5 (23... g6 $16) 24. h4 h6 (24... f5+ $16 25. Kf3 fxg4+ 26. Kxg4 Rf6) 25. h5 ({White should try} 25. Kf3 $18) 25... f5+ 26. gxf5 Rxf5 27. Rag1 Ra7 28. Rg6 Raf7 29. Rh4 Kd7 30. Rhg4 Kd6 31. Rxg7 Rxf4+ $2 {This move loses the game for Black.} (31... Rxg7 $14 32. Rxg7 Rxh5) 32. Rxf4 $18 Rxg7 $14 {KR-KR} 33. Rf6 Rg2 34. Rxh6 Re2+ 35. Kf4 Rxb2 (35... Ke7 {keeps fighting.} 36. Rh8 Rf2+ 37. Kg3 Rxb2) 36. Rh8 $18 Ke7 37. Rb8 {[#] And now h6 would win.} Kf6 38. a4 Rf2+ (38... b4 $142 39. Rxb4 Rh2) 39. Ke3 Rc2 40. Rxb5 $2 (40. axb5 Rxc3+ 41. Kd2 Rd3+ 42. Kc2) 40... Rxc3+ 41. Ke4 Ra3 $2 (41... Rc2 {was worth a try.} 42. Ke3 Rh2) 42. a5 Kg7 (42... Ra1 {was necessary.} 43. Rc5 Re1+ 44. Kf4 Ra1) 43. Rc5 Kf6 44. h6 {Strongly threatening Rh5.} Kg6 45. Ke5 Re3+ 46. Kd6 Kxh6 47. Rxc4 {White mates.} Ra3 48. Rc5 Ra4 49. Kxe6 Rxd4 50. a6 Ra4 51. Rc6 Kg7 52. Kd7 Kf7 53. Kc7 Ke7 54. Kb7 Kd7 55. Rb6 Rh4 56. a7 Rh7 57. a8=Q Re7 58. Qc8# {Accuracy: White = 66%, Black = 41%.} 1-0

[Event "Stay Safe Play From Home 204"]
[Site "T#646591Emanuel Laske"]
[Date "2020.06.05"]
[Round "7"]
[White "Kongle"]
[Black "Timbre"]
[Result "1-0"]
[WhiteElo "1807"]
[BlackElo "1761"]
[Annotator "NA RC"]
[PlyCount "55"]
[EventDate "2020.06.05"]
[EventType "swiss (blitz)"]

1. d4 {[%emt 0:00:01]} d5 {[%emt 0:00:11]} 2. c4 {[%emt 0:00:02]} c6 {[%emt 0:00:01]} 3. Nc3 {[%emt 0:00:02]} Nf6 {[%emt 0:00:02]} 4. Nf3 {[%emt 0:00:02]} e6 {[%emt 0:00:01]} 5. Bg5 {[%emt 0:00:02]} Be7 {[%emt 0:00:02]} 6. e3 {[%emt 0:00:01]} Nbd7 {[%emt 0:00:01]} 7. Bd3 {[%emt 0:00:01]} Nh5 {[%emt 0:00:04]} 8. Bxe7 {[%emt 0:00:04]} Qxe7 {[%emt 0:00:01]} 9. cxd5 {[%emt 0:00:00]} exd5 {[%emt 0:00:02]} 10. O-O {[%emt 0:00:06]} Nhf6 {[%emt 0:00:03]} 11. Re1 {[%emt 0:00:03]} O-O {[%emt 0:00:02]} 12. e4 {[%emt 0:00:05]} dxe4 {[%emt 0:00:01]} 13. Nxe4 {[%emt 0:00:02]} Nxe4 {[%emt 0:00:01]} 14. Bxe4 {[%emt 0:00:03]} Qf6 {[%emt 0:00:02]} 15. h3 {[%emt 0:00:08]} Nb6 {[%emt 0:00:02]} 16. Rc1 {[%emt 0:00:04]} Bf5 {[%emt 0:00:02]} 17. Ne5 {[%emt 0:00:13]} Bxe4 {[%emt 0:00:03]} 18. Rxe4 {[%emt 0:00:01]} Nd5 {[%emt 0:00:02]} 19. Qd2 {[%emt 0:00:06]} Rad8 {[%emt 0:00:03]} 20. a3 {[%emt 0:00:11]} Qf5 {[%emt 0:00:04]} 21. Rce1 {[%emt 0:00:08]} Nf6 {[%emt 0:00:01]} 22. Rf4 {[%emt 0:00:06]} Qc8 {[%emt 0:00:12]} 23. Rxf6 {[%emt 0:00:11]} gxf6 {[%emt 0:00:03]} 24. Ng4 {[%emt 0:00:09]} Qf5 {[%emt 0:00:05]} 25. Nh6+ {[%emt 0:00:04]} Kg7 {[%emt 0:00:02]} 26. Nxf5+ {[%emt 0:00:01]} Kh8 {[%emt 0:00:02]} 27. Qh6 {[%emt 0:00:05]} Rd5 {[%emt 0:00:06]} 28. Qxf8# {[%emt 0:00:03] (Lag: Av=0.66s, max=0.9s)} 1-0

[Event "Stay Safe Play From Home 204"]
[Site "T#646591Emanuel Laske"]
[Date "2020.06.05"]
[Round "7"]
[White "Edmatuag"]
[Black "Tobo Rubirosa"]
[Result "1-0"]
[WhiteElo "1723"]
[BlackElo "1721"]
[Annotator "NA RC"]
[PlyCount "59"]
[EventDate "2020.06.05"]
[EventType "swiss (blitz)"]

1. Nf3 {[%emt 0:00:03]} Nf6 {[%emt 0:00:03]} 2. c4 {[%emt 0:00:03]} g6 {[%emt 0:00:01]} 3. Nc3 {[%emt 0:00:01]} Bg7 {[%emt 0:00:01]} 4. g3 {[%emt 0:00:03]} O-O {[%emt 0:00:01]} 5. Bg2 {[%emt 0:00:01]} d6 {[%emt 0:00:01]} 6. O-O {[%emt 0:00:00]} c5 {[%emt 0:00:01]} 7. d4 {[%emt 0:00:04]} Nc6 {[%emt 0:00:01]} 8. Bg5 {[%emt 0:00:17]} cxd4 {[%emt 0:00:06]} 9. Nxd4 {[%emt 0:00:03]} Nxd4 {[%emt 0:00:09]} 10. Qxd4 {[%emt 0:00:02]} Bf5 {[%emt 0:00:02]} 11. Qd2 {[%emt 0:00:43]} h6 {[%emt 0:00:28]} 12. Bxf6 {[%emt 0:00:29]} Bxf6 {[%emt 0:00:03]} 13. Bxb7 {[%emt 0:00:06]} Rb8 {[%emt 0:00:03]} 14. Be4 {[%emt 0:00:08]} Bxe4 {[%emt 0:00:06]} 15. Nxe4 {[%emt 0:00:03]} Bxb2 {[%emt 0:00:02]} 16. Qxh6 {[%emt 0:00:11]} Bg7 {[%emt 0:00:09]} 17. Qe3 {[%emt 0:00:11]} Bxa1 {[%emt 0:00:05]} 18. Rxa1 {[%emt 0:00:02]} Kg7 {[%emt 0:00:06]} 19. Rd1 {[%emt 0:00:12]} Qb6 {[%emt 0:00:07]} 20. Qf3 {[%emt 0:00:11]} Qb7 {[%emt 0:00:09]} 21. h4 {[%emt 0:00:05]} f5 {[%emt 0:00:08]} 22. Qc3+ {[%emt 0:00:01]} e5 {[%emt 0:00:16]} 23. Nxd6 {[%emt 0:00:06]} Qe7 {[%emt 0:00:04]} 24. c5 {[%emt 0:00:04]} Rfd8 {[%emt 0:00:12]} 25. Rd5 {[%emt 0:00:02]} Kf6 {[%emt 0:00:22]} 26. f4 {[%emt 0:00:07]} Rb1+ {[%emt 0:00:18]} 27. Kf2 {[%emt 0:00:06]} Kg7 {[%emt 0:00:14]} 28. Rxe5 {[%emt 0:00:04]} Rxd6 {[%emt 0:00:30]} 29. Rxe7+ {[%emt 0:00:03]} Kf8 {[%emt 0:00:07]} 30. Qg7# {[%emt 0:00:01] (Lag: Av=0.90s, max=1.5s)} 1-0

[Event "Stay Safe Play From Home 204"]
[Site "T#646591Emanuel Laske"]
[Date "2020.06.05"]
[Round "7"]
[White "Justwatch"]
[Black "All4tactics"]
[Result "0-1"]
[WhiteElo "1271"]
[BlackElo "1762"]
[Annotator "NA RC"]
[PlyCount "69"]
[EventDate "2020.06.05"]
[EventType "swiss (blitz)"]

1. e4 {[%emt 0:00:01]} c5 {[%emt 0:00:10]} 2. Nf3 {[%emt 0:00:04]} Nc6 {[%emt 0:00:02]} 3. Bb5 {[%emt 0:00:02]} Na5 {[%emt 0:00:02]} 4. O-O {[%emt 0:00:05]} a6 {[%emt 0:00:01]} 5. Be2 {[%emt 0:00:01]} b5 {[%emt 0:00:02]} 6. d3 {[%emt 0:00:00]} g6 {[%emt 0:00:03]} 7. Bg5 {[%emt 0:00:01]} Bg7 {[%emt 0:00:01]} 8. c3 {[%emt 0:00:02]} h6 {[%emt 0:00:02]} 9. Bh4 {[%emt 0:00:02]} g5 {[%emt 0:00:01]} 10. Bg3 {[%emt 0:00:01]} d6 {[%emt 0:00:03]} 11. h3 {[%emt 0:00:02]} Nf6 {[%emt 0:00:06]} 12. Nbd2 {[%emt 0:00:01]} O-O {[%emt 0:00:05]} 13. a3 {[%emt 0:00:08]} Be6 {[%emt 0:00:02]} 14. Re1 {[%emt 0:00:06]} Qd7 {[%emt 0:00:03]} 15. Nf1 {[%emt 0:00:02]} Nb3 {[%emt 0:00:21]} 16. Rb1 {[%emt 0:00:07]} a5 {[%emt 0:00:02]} 17. Ne3 {[%emt 0:00:14]} a4 {[%emt 0:00:04]} 18. Nh2 {[%emt 0:00:18]} Rfb8 {[%emt 0:00:36]} 19. Nhg4 {[%emt 0:00:09]} Nxg4 {[%emt 0:00:02]} 20. Bxg4 {[%emt 0:00:03]} Bxg4 {[%emt 0:00:02]} 21. Nxg4 {[%emt 0:00:02]} b4 {[%emt 0:00:04]} 22. c4 {[%emt 0:00:04]} bxa3 {[%emt 0:00:02]} 23. bxa3 {[%emt 0:00:01]} Nd4 {[%emt 0:00:02]} 24. Ne3 {[%emt 0:00:08]} Rb3 {[%emt 0:00:08]} 25. Rxb3 {[%emt 0:00:04]} axb3 {[%emt 0:00:03]} 26. Qh5 {[%emt 0:00:00]} Rxa3 {[%emt 0:00:05]} 27. Ng4 {[%emt 0:00:01]} Qe6 {[%emt 0:00:03]} 28. f4 {[%emt 0:00:04]} Qg6 {[%emt 0:00:18]} 29. Qxg6 {[%emt 0:00:04]} fxg6 {[%emt 0:00:01]} 30. fxg5 {[%emt 0:00:00]} hxg5 {[%emt 0:00:01]} 31. Rb1 {[%emt 0:00:03]} Ne2+ {[%emt 0:00:05]} 32. Kh2 {[%emt 0:00:03]} Nxg3 {[%emt 0:00:01]} 33. Kxg3 {[%emt 0:00:00]} b2 {[%emt 0:00:01]} 34. Ne3 {[%emt 0:00:04]} Ra1 {[%emt 0:00:02]} 35. Rxb2 {[%emt 0:00:06] Justwatch terk eder (Lag: Av=0.45s, max=0.6s)} 0-1